Smash Ultimate Spirits Quiz - Statistics

General Stats
  • This quiz has been taken 152 times
  • The average score is 219 of 1512
Answer Stats
No. Name Category Series % Correct
1 Mario Fighter Super Mario Series
97%
4 Luigi Fighter Super Mario Series
89%
5 Peach Fighter Super Mario Series
88%
7 Bowser Fighter Super Mario Series
83%
6 Daisy Fighter Super Mario Series
77%
10 Bowser Jr. Fighter Super Mario Series
74%
978 Ken Fighter Street Fighter Series
69%
9 Rosalina Fighter Super Mario Series
69%
297 Yoshi Fighter Yoshi Series
68%
834 Don Primary Animal Crossing Series
66%
8 Dr. Mario Fighter Dr. Mario Series
66%
36 Goomba Primary Super Mario Series
65%
962 Lin Support Xenoblade Chronicles Series
62%
31 Toad Primary Super Mario Series
62%
729 Wario Fighter WarioWare Series
62%
48 Boo Primary Super Mario Series
58%
2 Builder Mario Fighter Super Mario Maker Series
58%
134 Donkey Kong Fighter Donkey Kong Series
58%
998 Gen Primary Street Fighter Series
58%
173 Zelda Fighter The Legend of Zelda Series
58%
227 Fi Support The Legend of Zelda Series
57%
323 Kirby Fighter Kirby Series
57%
135 Diddy Kong Fighter Donkey Kong Series
55%
13 Lemmy Fighter Super Mario Series
55%
16 Ludwig Fighter Super Mario Series
55%
172 Link Fighter The Legend of Zelda Series
54%
17 Morton Fighter Super Mario Series
54%
775 Sonic the Hedgehog Fighter Sonic The Hedgehog Series
54%
35 Waluigi Primary Super Mario Series
54%
12 Wendy Fighter Super Mario Series
54%
37 Koopa Troopa Support Super Mario Series
52%
15 Larry Fighter Super Mario Series
52%
264 Samus Fighter Metroid Series
52%
692 Fire Support Game & Watch Series
51%
11 Iggy Fighter Super Mario Series
51%
325 King Dedede Fighter Kirby Series
51%
71 Luma Support Super Mario Series
51%
610 Marth Fighter Fire Emblem Series
51%
407 Pikachu Fighter Pokémon Series
51%
822 R.O.B. Fighter R.O.B. Series
51%
977 Ryu Fighter Street Fighter Series
51%
33 Toadette Master Captain Toad: Treasure Tracker Series
51%
177 Toon Link Fighter The Legend of Zelda Series
51%
905 X Primary Mega Man X Series
51%
191 Ganon Primary The Legend of Zelda Series
49%
781 Knuckles Primary Sonic The Hedgehog Series
49%
324 Meta Knight Fighter Kirby Series
49%
703 Pit Fighter Kid Icarus Series
49%
1500 Sora Fighter KINGDOM HEARTS Series
49%
176 Young Link Fighter The Legend of Zelda Series
49%
32 Captain Toad Primary Captain Toad: Treasure Tracker Series
48%
416 Charizard Fighter Pokémon Series
48%
267 Ridley Fighter Metroid Series
48%
174 Sheik Fighter The Legend of Zelda Series
48%
1004 Cloud Fighter FINAL FANTASY Series
46%
704 Dark Pit Fighter Kid Icarus Series
46%
175 Ganondorf Fighter The Legend of Zelda Series
46%
49 King Boo Primary Luigi's Mansion Series
46%
611 Lucina Fighter Fire Emblem Series
46%
864 Mega Man Fighter Mega Man Series
46%
563 Ness Fighter EarthBound Series
46%
1428 Steve Fighter Minecraft Series
46%
1429 Alex Fighter Minecraft Series
45%
591 Captain Falcon Fighter F-Zero Series
45%
265 Dark Samus Fighter Metroid Prime Series
45%
776 Dr. Eggman Primary Sonic The Hedgehog Series
45%
136 King K. Rool Fighter Donkey Kong Series
45%
465 Mew Support Pokémon Series
45%
411 Mewtwo Fighter Pokémon Series
45%
798 Olimar Fighter Pikmin Series
45%
94 Paper Mario Primary Paper Mario Series
45%
951 Shulk Fighter Xenoblade Chronicles Series
45%
1430 Zombie Primary Minecraft Series
45%
779 Amy Support Sonic The Hedgehog Series
43%
613 Chrom Fighter Fire Emblem Series
43%
140 Cranky Kong Primary Donkey Kong Series
43%
1434 Enderman Primary Minecraft Series
43%
415 Ivysaur Fighter Pokémon Series
43%
946 PAC-MAN Fighter PAC-MAN Series
43%
410 Pichu Fighter Pokémon Series
43%
777 Tails Support Sonic The Hedgehog Series
43%
799 Alph Fighter Pikmin Series
42%
981 Chun-Li Primary Street Fighter Series
42%
382 Fox McCloud Fighter Star Fox Series
42%
119 Kid Support Mario Golf Series
42%
932 Little Mac Fighter Punch-Out!! Series
42%
564 Lucas Fighter EarthBound Series
42%
1289 Min Min Primary ARMS
42%
705 Palutena Fighter Kid Icarus Series
42%
967 Pyra Support Xenoblade Chronicles Series
42%
612 Roy (Fire Emblem) Fighter Fire Emblem Series
42%
749 Solid Snake Fighter Metal Gear Solid Series
42%
266 Zero Suit Samus Fighter Metroid Series
42%
827 Isabelle Fighter Animal Crossing Series
40%
409 Jigglypuff Fighter Pokémon Series
40%
968 Mythra Support Xenoblade Chronicles Series
40%
1303 Piranha Plant Fighter Super Mario Series
40%
803 Red Pikmin Support Pikmin Series
40%
332 Rick Support Kirby Series
40%
1050 Simon Belmont Fighter Castlevania Series
40%
205 Skull Kid Primary The Legend of Zelda Series
40%
414 Squirtle Fighter Pokémon Series
40%
605 The Skull Support F-Zero Series
40%
804 Blue Pikmin Support Pikmin Series
38%
873 Dr. Wily Support Mega Man Series
38%
141 Funky Kong Master Donkey Kong Series
38%
104 Geno Primary Super Mario RPG: Legend of the Seven Stars
38%
3 Mario (Wedding) Fighter Super Mario Series
38%
989 M. Bison Primary Street Fighter Series
38%
1051 Richter Belmont Fighter Castlevania Series
38%
1439 Sephiroth Fighter FINAL FANTASY Series
38%
18 Super Mushroom Support Super Mario Series
38%
20 Super Star Support Super Mario Series
38%
805 Yellow Pikmin Support Pikmin Series
38%
1337 Banjo & Kazooie Fighter Banjo-Kazooie Series
37%
418 Greninja Fighter Pokémon Series
37%
417 Lucario Fighter Pokémon Series
37%
924 Pet Primary Wii Fit Series
37%
1201 Pig Support Cubivore: Survival of the Fittest
37%
788 Shadow the Hedgehog Primary Sonic The Hedgehog Series
37%
385 Slippy Toad Support Star Fox Series
37%
1356 Terry Bogard Fighter FATAL FURY Series
37%
1119 Devil Support Devil World
35%
1075 Dracula Primary Castlevania Series
35%
1258 Mallo Primary Pushmo
35%
277 Metroid Support Metroid Series
35%
574 Poo Primary EarthBound Series
35%
807 Purple Pikmin Primary Pikmin Series
35%
14 Roy (Super Mario Bros.) Fighter Super Mario Series
35%
828 Tom Nook Primary Animal Crossing Series
35%
739 Ashley Support WarioWare Series
34%
1096 Crazy Hand Primary Super Smash Bros. Series
34%
145 Dixie Kong Primary Donkey Kong Series
34%
1438 Ender Dragon Support Minecraft Series
34%
383 Falco Lombardi Fighter Star Fox Series
34%
19 Fire Flower Support Super Mario Series
34%
948 Ghosts Primary PAC-MAN Series
34%
419 Incineroar Fighter Pokémon Series
34%
1026 Inkling (Boy) Fighter Splatoon Series
34%
1025 Inkling (Girl) Fighter Splatoon Series
34%
1095 Master Hand Primary Super Smash Bros. Series
34%
296 Mech Primary Metroid Prime Series
34%
21 Metal Mario Primary Super Mario Series
34%
689 Mr. Game & Watch Fighter Game & Watch Series
34%
839 Pete Support Animal Crossing Series
34%
148 Tiny Kong Support Donkey Kong Series
34%
370 Bomber Support Kirby Series
32%
142 Candy Kong Support Donkey Kong Series
32%
78 Cappy Support Super Mario Series
32%
786 Chao Primary Sonic The Hedgehog Series
32%
984 Guile Primary Street Fighter Series
32%
684 Leo Primary Fire Emblem Series
32%
79 Pauline Support Super Mario Series
32%
966 Rex Primary Xenoblade Chronicles Series
32%
809 Rock Pikmin Primary Pikmin Series
32%
1287 Spring Man Primary ARMS
32%
360 Waddle Dee Primary Kirby Series
32%
806 White Pikmin Support Pikmin Series
32%
400 Andross Primary Star Fox Series
31%
690 Ball Support Game & Watch Series
31%
41 Bullet Bill Primary Super Mario Series
31%
1381 Byleth (Female) Fighter Fire Emblem Series
31%
1380 Byleth (Male) Fighter Fire Emblem Series
31%
486 Celebi Support Pokémon Series
31%
421 Charmander Primary Pokémon Series
31%
974 Duck Hunt Fighter Duck Hunt Series
31%
935 Glass Joe Primary Punch-Out!! Series
31%
606 Ice Climbers Fighter Ice Climber Series
31%
61 Kamek Primary Super Mario Series
31%
268 Meta Ridley Fighter Metroid Prime Series
31%
54 Petey Piranha Primary Super Mario Series
31%
130 Rabbid Mario Primary Mario + Rabbids Kingdom Battle
31%
617 Robin (Female) Fighter Fire Emblem Series
31%
616 Robin (Male) Fighter Fire Emblem Series
31%
1264 Shovel Knight Primary Shovel Knight Series
31%
43 Shy Guy Primary Super Mario Series
31%
1440 Tifa Primary FINAL FANTASY Series
31%
384 Wolf O'Donnell Fighter Star Fox Series
31%
299 Baby Mario Primary Yoshi Series
29%
423 Blastoise Primary Pokémon Series
29%
149 Chunky Kong Primary Donkey Kong Series
29%
619 Corrin (Female) Fighter Fire Emblem Series
29%
618 Corrin (Male) Fighter Fire Emblem Series
29%
1106 Dharkon Primary Super Smash Bros. Series
29%
1105 Galeem Primary Super Smash Bros. Series
29%
1474 Kazuya Mishima Fighter Tekken Series
29%
387 Krystal Primary Star Fox Series
29%
1373 Leon Primary Resident Evil Series
29%
565 Ninten Primary EarthBound Series
29%
572 Paula Primary EarthBound Series
29%
386 Peppy Hare Master Star Fox Series
29%
865 Proto Man Primary Mega Man Series
29%
1100 Tabuu Primary Super Smash Bros. Series
29%
723 Viridi Support Kid Icarus Series
29%
921 Wii Fit Trainer (Female) Fighter Wii Fit Series
29%
922 Wii Fit Trainer (Male) Fighter Wii Fit Series
29%
808 Winged Pikmin Support Pikmin Series
29%
1055 Alucard Primary Castlevania Series
28%
45 Birdo Primary Super Mario Series
28%
601 Blood Falcon Primary F-Zero Series
28%
1293 Bomberman Primary Bomberman Series
28%
509 Dialga Primary Pokémon Series
28%
38 Hammer Bro Primary Super Mario Series
28%
485 Ho-Oh Support Pokémon Series
28%
614 Ike (Path of Radiance) Fighter Fire Emblem Series
28%
615 Ike (Radiant Dawn) Fighter Fire Emblem Series
28%
147 Lanky Kong Primary Donkey Kong Series
28%
209 Majora's Mask Support The Legend of Zelda Series
28%
635 Medeus Support Fire Emblem Series
28%
239 Mipha Support The Legend of Zelda Series
28%
100 Mr. L Primary Paper Mario Series
28%
1042 Octoling Primary Splatoon Series
28%
510 Palkia Primary Pokémon Series
28%
413 Pokémon Trainer (Female) Fighter Pokémon Series
28%
412 Pokémon Trainer (Male) Fighter Pokémon Series
28%
129 Rabbid Peach Primary Mario + Rabbids Kingdom Battle
28%
1295 Rathalos Support MONSTER HUNTER Series
28%
500 Rayquaza Primary Pokémon Series
28%
1296 Shantae Primary Shantae Series
28%
1432 Skeleton Support Minecraft Series
28%
52 Thwomp Support Super Mario Series
28%
420 Venusaur Primary Pokémon Series
28%
116 Viruses Support Dr. Mario Series
28%
492 Absol Primary Pokémon Series
26%
50 Bob-omb Support Super Mario Series
26%
1206 Chibi-Robo Primary Chibi-Robo! Series
26%
1431 Creeper Primary Minecraft Series
26%
1398 Cuphead Primary Cuphead
26%
240 Daruk Primary The Legend of Zelda Series
26%
867 Dr. Light Support Mega Man Series
26%
952 Fiora Support Xenoblade Chronicles Series
26%
1344 Gruntilda Support Banjo-Kazooie Series
26%
1476 Heihachi Mishima Primary Tekken Series
26%
1168 Isaac Primary Golden Sun Series
26%
389 James McCloud Primary Star Fox Series
26%
484 Lugia Primary Pokémon Series
26%
437 Machamp Primary Pokémon Series
26%
710 Medusa Primary Kid Icarus Series
26%
222 Midna Primary The Legend of Zelda Series
26%
1090 Mii Brawler Fighter Super Smash Bros. Series
26%
1092 Mii Gunner Fighter Super Smash Bros. Series
26%
1091 Mii Swordfighter Fighter Super Smash Bros. Series
26%
278 Mother Brain Primary Metroid Series
26%
1285 Rayman Primary Rayman Series
26%
241 Revali Support The Legend of Zelda Series
26%
1115 Sheriff Support Sheriff Series
26%
830 Timmy & Tommy Master Animal Crossing Series
26%
242 Urbosa Primary The Legend of Zelda Series
26%
825 Villager (Boy) Fighter Animal Crossing Series
26%
826 Villager (Girl) Fighter Animal Crossing Series
26%
542 Xerneas Primary Pokémon Series
26%
543 Yveltal Primary Pokémon Series
26%
519 Arceus Primary Pokémon Series
25%
866 Bass Primary Mega Man Series
25%
982 Blanka Primary Street Fighter Series
25%
51 Chain Chomp Primary Super Mario Series
25%
215 Din Support The Legend of Zelda Series
25%
934 Doc Louis Master Punch-Out!! Series
25%
463 Dragonite Primary Pokémon Series
25%
609 Eggplant Support Ice Climber Series
25%
498 Groudon Primary Pokémon Series
25%
717 Hades Primary Kid Icarus Series
25%
573 Jeff Support EarthBound Series
25%
1078 Kid Dracula Primary Kid Dracula
25%
943 King Hippo Support Punch-Out!! Series
25%
103 Mallow Support Super Mario RPG: Legend of the Seven Stars
25%
347 Marx Primary Kirby Series
25%
1399 Mugman Primary Cuphead
25%
576 Ness's Father Support EarthBound Series
25%
95 Paper Bowser Primary Paper Mario Series
25%
258 Phantom Primary The Legend of Zelda Series
25%
608 Polar Bear Support Ice Climber Series
25%
23 Rock Mario Support Super Mario Series
25%
557 Solgaleo Primary Pokémon Series
25%
430 Vulpix Support Pokémon Series
25%
888 Wood Man Primary Mega Man Series
25%
1007 Bayonetta (Bayonetta) Fighter Bayonetta Series
23%
1006 Bayonetta (Bayonetta 2) Fighter Bayonetta Series
23%
759 Big Boss Primary Metal Gear Solid Series
23%
40 Blooper Primary Super Mario Series
23%
583 Boney Primary EarthBound Series
23%
802 Brittany Support Pikmin Series
23%
785 Chaos Primary Sonic The Hedgehog Series
23%
801 Charlie Master Pikmin Series
23%
1005 Cloud (Advent Children) Fighter FINAL FANTASY Series
23%
459 Eevee Primary Pokémon Series
23%
24 Gold Mario Support Super Mario Series
23%
501 Jirachi Support Pokémon Series
23%
283 Kraid Master Metroid Series
23%
496 Kyogre Primary Pokémon Series
23%
558 Lunala Primary Pokémon Series
23%
645 Lyn Primary Fire Emblem Series
23%
1309 Morgana Primary Persona Series
23%
698 Octopus Primary Game & Watch Series
23%
1030 Squid Sisters Support Splatoon Series
23%
1181 Starfy Primary The Legendary Starfy Series
23%
571 Starman Primary EarthBound Series
23%
630 Tiki Primary Fire Emblem Series
23%
34 Toadsworth Support Super Mario Series
23%
1290 Twintelle Support ARMS
23%
987 Vega Primary Street Fighter Series
23%
362 Waddle Doo Primary Kirby Series
23%
47 Wart Primary Super Mario Series
23%
339 Whispy Woods Primary Kirby Series
23%
1442 Aerith Support FINAL FANTASY Series
22%
462 Articuno, Zapdos, & Moltres Primary Pokémon Series
22%
1124 Balloon Fighter Support Balloon Fight Series
22%
361 Bandana Waddle Dee Primary Kirby Series
22%
42 Banzai Bill Primary Super Mario Series
22%
55 Boom Boom Primary Super Mario Series
22%
810 Bulborb Primary Pikmin Series
22%
1386 Claude Primary Fire Emblem Series
22%
546 Diancie Primary Pokémon Series
22%
1300 Dice Block Support Super Mario Series
22%
458 Ditto Support Pokémon Series
22%
63 Dry Bowser Primary Super Mario Series
22%
956 Dunban Primary Xenoblade Chronicles Series
22%
1123 Excitebike Support Excitebike Series
22%
106 Fawful Primary Mario & Luigi Series
22%
443 Gengar Support Pokémon Series
22%
456 Gyarados Support Pokémon Series
22%
878 Ice Man Support Mega Man Series
22%
1343 Jiggy Support Banjo-Kazooie Series
22%
1463 Jin Primary Xenoblade Chronicles Series
22%
846 Kapp'n Support Animal Crossing Series
22%
832 K.K. Slider Primary Animal Crossing Series
22%
161 Klaptrap Primary Donkey Kong Series
22%
800 Louie Primary Pikmin Series
22%
914 MegaMan.EXE Primary Mega Man Battle Network Series
22%
960 Metal Face Primary Xenoblade Chronicles Series
22%
210 Moon Support The Legend of Zelda Series
22%
425 Pidgey Support Pokémon Series
22%
131 Rabbid Kong Primary Mario + Rabbids Kingdom Battle
22%
150 Rambi Primary Donkey Kong Series
22%
528 Reshiram Primary Pokémon Series
22%
1288 Ribbon Girl Primary ARMS
22%
868 Roll Support Mega Man Series
22%
461 Snorlax Support Pokémon Series
22%
778 Super Sonic Primary Sonic The Hedgehog Series
22%
57 Tatanga Primary Super Mario Land Series
22%
60 Wiggler Support Super Mario Series
22%
144 Wrinkly Kong Support Donkey Kong Series
22%
983 Zangief Master Street Fighter Series
22%
529 Zekrom Primary Pokémon Series
22%
741 5-Volt Primary WarioWare Series
20%
994 Akuma Primary Street Fighter Series
20%
427 Alolan Raichu Support Pokémon Series
20%
783 Big the Cat Primary Sonic The Hedgehog Series
20%
604 Black Shadow Primary F-Zero Series
20%
487 Blaziken Primary Pokémon Series
20%
575 Buzz Buzz Primary EarthBound Series
20%
990 Cammy Primary Street Fighter Series
20%
1243 Captain Rainbow Primary Captain Rainbow
20%
378 Chef Kawasaki Support Kirby Series
20%
590 Claus Primary EarthBound Series
20%
514 Cresselia Primary Pokémon Series
20%
876 Cut Man Primary Mega Man Series
20%
1382 Edelgard Primary Fire Emblem Series
20%
1125 Fish Primary Balloon Fight Series
20%
117 Flies & Hand Support Mario Paint Series
20%
68 F.L.U.D.D. Support Super Mario Series
20%
537 Genesect Primary Pokémon Series
20%
1436 Ghast Support Minecraft Series
20%
197 Goron Support The Legend of Zelda Series
20%
245 Guardian Support The Legend of Zelda Series
20%
585 Kumatora Primary EarthBound Series
20%
1256 Labrador Retriever Support Nintendogs Series
20%
457 Lapras Support Pokémon Series
20%
750 Liquid Snake Primary Metal Gear Solid Series
20%
74 Lubba Support Super Mario Series
20%
132 Mario (Mario Tennis Aces) Support Mario Tennis Aces
20%
287 Mecha Ridley Primary Metroid Series
20%
422 Mega Charizard X Primary Pokémon Series
20%
433 Meowth Support Pokémon Series
20%
179 Octorok Primary The Legend of Zelda Series
20%
408 Pikachu Libre Fighter Pokémon Series
20%
1507 Roxas Support KINGDOM HEARTS Series
20%
594 Samurai Goroh Primary F-Zero Series
20%
192 Saria Support The Legend of Zelda Series
20%
1268 Specter Knight Primary Shovel Knight Series
20%
246 Tetra Primary The Legend of Zelda Series
20%
760 The Boss Primary Metal Gear Solid Series
20%
1338 Tooty Support Banjo-Kazooie Series
20%
928 Tree Support Wii Fit Series
20%
321 Yarn Yoshi Primary Yoshi Series
20%
199 Zora Support The Legend of Zelda Series
20%
445 Alolan Exeggutor Support Pokémon Series
18%
1135 Andy Primary Advance Wars Series
18%
27 Baby Peach Support Super Mario Series
18%
986 Balrog Support Street Fighter Series
18%
466 Chikorita Primary Pokémon Series
18%
334 Coo Support Kirby Series
18%
992 Dee Jay Primary Street Fighter Series
18%
1214 Dr. Kawashima Primary Brain Age: Train Your Brain in Minutes a Day! Series
18%
979 E. Honda Support Street Fighter Series
18%
114 Freezie Support Mario Bros. Series
18%
438 Geodude Primary Pokémon Series
18%
228 Ghirahim Primary The Legend of Zelda Series
18%
1401 King Dice Support Cuphead
18%
133 Luigi (Mario Tennis Aces) Support Mario Tennis Aces
18%
515 Manaphy Support Pokémon Series
18%
780 Metal Sonic Primary Sonic The Hedgehog Series
18%
126 Mini Mario Primary Mario vs. Donkey Kong Series
18%
1133 MONSTER Support Famicom Grand Prix II: 3D Hot Rally Series
18%
577 Mr. Saturn Support EarthBound Series
18%
560 Necrozma Support Pokémon Series
18%
945 Piston Hondo Support Punch-Out!! Series
18%
1266 Plague Knight Support Shovel Knight Series
18%
122 Polterpup Support Luigi's Mansion Series
18%
499 Primal Groudon Primary Pokémon Series
18%
511 Regigigas Support Pokémon Series
18%
790 Rouge the Bat Support Sonic The Hedgehog Series
18%
551 Rowlet Primary Pokémon Series
18%
476 Scizor Primary Pokémon Series
18%
1265 Shield Knight Support Shovel Knight Series
18%
795 Silver the Hedgehog Support Sonic The Hedgehog Series
18%
1330 Slime (Dragon Quest) Primary DRAGON QUEST Series
18%
1433 Slime (Minecraft) Support Minecraft Series
18%
211 Tingle Support The Legend of Zelda Series
18%
467 Togepi Support Pokémon Series
18%
520 Victini Support Pokémon Series
18%
1368 Zacian & Zamazenta Primary Pokémon Series
18%
588 Absolutely Safe Capsule Primary EarthBound Series
17%
1294 Akira Primary Virtua Fighter Series
17%
671 Anna Master Fire Emblem Series
17%
1512 Aqua Primary KINGDOM HEARTS Series
17%
426 Arbok Primary Pokémon Series
17%
793 Blaze the Cat Support Sonic The Hedgehog Series
17%
244 Bokoblin Primary The Legend of Zelda Series
17%
243 Calamity Ganon Primary The Legend of Zelda Series
17%
683 Camilla Primary Fire Emblem Series
17%
538 Chespin Primary Pokémon Series
17%
276 Chozo Statue Support Metroid Series
17%
562 Detective Pikachu Support Detective Pikachu
17%
138 Donkey Kong Jr. Primary Donkey Kong Series
17%
584 Duster Primary EarthBound Series
17%
151 Enguarde Primary Donkey Kong Series
17%
569 EVE Primary EarthBound Series
17%
153 Expresso Support Donkey Kong Series
17%
880 Fire Man Primary Mega Man Series
17%
824 Gyromite Support R.O.B. Series
17%
1234 Heracles Primary Glory of Heracles Series
17%
1307 Igor Support Persona Series
17%
1304 Joker (Phantom Thief) Fighter Persona Series
17%
333 Kine Support Kirby Series
17%
66 King Bob-omb Primary Super Mario Series
17%
1267 King Knight Primary Shovel Knight Series
17%
39 Lakitu & Spiny Primary Super Mario Series
17%
1126 Mach Rider Primary Mach Rider Series
17%
355 Magolor Primary Kirby Series
17%
470 Marill Support Pokémon Series
17%
953 Mecha-Fiora Primary Xenoblade Chronicles Series
17%
464 Mega Mewtwo Y Primary Pokémon Series
17%
180 Moblin Primary The Legend of Zelda Series
17%
732 Mona Support WarioWare Series
17%
937 Mr. Sandman Primary Punch-Out!! Series
17%
1242 Nick Primary Captain Rainbow
17%
286 Nightmare Primary Metroid Series
17%
559 Nihilego Support Pokémon Series
17%
1031 Off the Hook Support Splatoon Series
17%
792 Omega Primary Sonic The Hedgehog Series
17%
521 Oshawott Primary Pokémon Series
17%
1299 Partner Eevee Support Pokémon Series
17%
1298 Partner Pikachu Support Pokémon Series
17%
29 Peach (Wedding) Support Super Mario Series
17%
123 Perry Support Super Princess Peach
17%
724 Phosphora Support Kid Icarus Series
17%
497 Primal Kyogre Primary Pokémon Series
17%
1108 Primid Primary Super Smash Bros. Series
17%
380 Prince Fluff Primary Kirby's Epic Yarn
17%
1406 Ring Support Ring Fit Adventure
17%
1093 Sandbag Support Super Smash Bros. Series
17%
428 Sandshrew Support Pokémon Series
17%
113 Sidestepper Support Mario Bros. Series
17%
891 Snake Man Primary Mega Man Series
17%
143 Swanky Kong Support Donkey Kong Series
17%
556 Tapu Koko Primary Pokémon Series
17%
1400 The Devil (Cuphead) Support Cuphead
17%
1237 Vince Support Art Academy Series
17%
448 Weezing Support Pokémon Series
17%
874 Wily Capsule Primary Mega Man Series
17%
1284 Wonder-Blue Primary The Wonderful 101
17%
1283 Wonder-Red Primary The Wonderful 101
17%
298 Yoshi (Yoshi's Crafted World) Fighter Yoshi Series
17%
431 Alolan Vulpix Support Pokémon Series
15%
390 Arwing Support Star Fox Series
15%
301 Baby Bowser Primary Yoshi Series
15%
936 Bald Bull Support Punch-Out!! Series
15%
1441 Barret Primary FINAL FANTASY Series
15%
469 Bellossom Support Pokémon Series
15%
665 Black Knight Primary Fire Emblem Series
15%
950 Bonus Fruit Support PAC-MAN Series
15%
22 Boo Mario Support Super Mario Series
15%
1339 Bottles Primary Banjo-Kazooie Series
15%
30 Bowser (Wedding) Primary Super Mario Series
15%
813 Burrowing Snagret Primary Pikmin Series
15%
449 Chansey Support Pokémon Series
15%
429 Clefairy Primary Pokémon Series
15%
607 Condor Support Ice Climber Series
15%
791 Cream & Cheese Support Sonic The Hedgehog Series
15%
996 Dan Primary Street Fighter Series
15%
516 Darkrai Support Pokémon Series
15%
198 Darunia Master The Legend of Zelda Series
15%
1071 Death Support Castlevania Series
15%
985 Dhalsim Support Street Fighter Series
15%
1262 Dillon Primary Dillon's Dead-Heat Breakers
15%
942 Don Flamenco Primary Punch-Out!! Series
15%
137 Donkey Kong & Lady Primary Donkey Kong Series
15%
432 Dugtrio Support Pokémon Series
15%
1219 Elite Beat Agents Support Elite Beat Agents Series
15%
1097 Giga Bowser Primary Super Smash Bros. Series
15%
452 Goldeen Support Pokémon Series
15%
1369 Grookey, Scorbunny, & Sobble Primary Pokémon Series
15%
232 Groose Primary The Legend of Zelda Series
15%
477 Heracross Primary Pokémon Series
15%
1325 Hero (DRAGON QUEST III) Fighter DRAGON QUEST Series
15%
1326 Hero (DRAGON QUEST IV) Fighter DRAGON QUEST Series
15%
1027 Inkling Squid Support Splatoon Series
15%
1028 Judd Support Splatoon Series
15%
693 Judge Support Game & Watch Series
15%
1003 Juri Support Street Fighter Series
15%
162 Kaptain K. Rool Primary Donkey Kong Series
15%
167 Kip Primary Donkey Kong: Barrel Blast
15%
159 Kritter Primary Donkey Kong Series
15%
531 Kyurem Support Pokémon Series
15%
642 Leif (Fire Emblem) Primary Fire Emblem Series
15%
178 Link (The Legend of Zelda) Primary The Legend of Zelda Series
15%
561 Magearna Support Pokémon Series
15%
555 Mimikyu Support Pokémon Series
15%
1340 Mumbo Jumbo Primary Banjo-Kazooie Series
15%
53 Nipper Plant Primary Super Mario Series
15%
714 Pandora Primary Kid Icarus Series
15%
398 Panther Caroso Primary Star Fox Series
15%
460 Porygon Primary Pokémon Series
15%
434 Psyduck Support Pokémon Series
15%
765 Raiden Primary Metal Gear Solid Series
15%
833 Resetti Primary Animal Crossing Series
15%
1505 Riku Primary KINGDOM HEARTS Series
15%
507 Rotom Support Pokémon Series
15%
988 Sagat Primary Street Fighter Series
15%
493 Salamence Primary Pokémon Series
15%
206 Skull Kid & Majora's Mask Primary The Legend of Zelda Series
15%
152 Squawks Support Donkey Kong Series
15%
108 Starlow Support Mario & Luigi Series
15%
75 Starship Mario Support Super Mario Series
15%
475 Steelix Primary Pokémon Series
15%
789 Super Shadow Primary Sonic The Hedgehog Series
15%
1128 Takamaru Primary The Mysterious Murasame Castle
15%
1196 The Chorus Kids Primary Rhythm Heaven Series
15%
1494 Travis Touchdown Primary No More Heroes Series
15%
483 Tyranitar Primary Pokémon Series
15%
550 Volcanion Support Pokémon Series
15%
124 Waluigi (Super Mario Strikers) Primary Super Mario Strikers Series
15%
1073 Werewolf Support Castlevania Series
15%
923 Wii Balance Board Master Wii Fit Series
15%
224 Zant Primary The Legend of Zelda Series
15%
884 Air Man Support Mega Man Series
14%
435 Arcanine Support Pokémon Series
14%
163 Baron K. Roolenstein Primary Donkey Kong Series
14%
221 Beast Ganon Primary The Legend of Zelda Series
14%
552 Bewear Primary Pokémon Series
14%
1292 Boss Galaga Support Galaga Series
14%
745 Captain Syrup Primary Wario Land Series
14%
1387 Claude - Five Years Later Primary Fire Emblem Series
14%
1370 Corviknight Support Pokémon Series
14%
207 Deku Link Primary The Legend of Zelda Series
14%
101 Dimentio Primary Paper Mario Series
14%
1383 Edelgard - Five Years Later Primary Fire Emblem Series
14%
881 Elec Man Primary Mega Man Series
14%
812 Emperor Bulblax Support Pikmin Series
14%
442 Farfetch'd Support Pokémon Series
14%
25 Fox Luigi Support Super Mario Series
14%
354 Galacta Knight Primary Kirby Series
14%
504 Garchomp Primary Pokémon Series
14%
1360 Geese Howard Support FATAL FURY Series
14%
1333 Golem Primary DRAGON QUEST Series
14%
365 Gordo Primary Kirby Series
14%
877 Guts Man Primary Mega Man Series
14%
1327 Hero (DRAGON QUEST VIII) Fighter DRAGON QUEST Series
14%
1324 Hero (DRAGON QUEST XI S) Fighter DRAGON QUEST Series
14%
102 Huey Support Paper Mario Series
14%
1010 Jeanne Primary Bayonetta Series
14%
1375 Jill Support Resident Evil Series
14%
595 Jody Summer Support F-Zero Series
14%
1506 Kairi Support KINGDOM HEARTS Series
14%
450 Kangaskhan Primary Pokémon Series
14%
170 Karate Kong Primary Donkey Kong Jungle Beat
14%
249 King of Hyrule Primary The Legend of Zelda Series
14%
248 King of Red Lions Primary The Legend of Zelda Series
14%
379 Knuckle Joe Primary Kirby Series
14%
495 Latias & Latios Support Pokémon Series
14%
861 Leif (Animal Crossing) Support Animal Crossing Series
14%
182 Like Like Support The Legend of Zelda Series
14%
1029 Li'l Judd Support Splatoon Series
14%
1322 Link (Link's Awakening) Primary The Legend of Zelda Series
14%
1153 Lip Support Panel de Pon Series
14%
1492 Luigi (Mario Golf: Super Rush) Primary Mario Golf: Super Rush
14%
441 Magneton Primary Pokémon Series
14%
195 Malon Support The Legend of Zelda Series
14%
187 Marin Support The Legend of Zelda Series
14%
589 Masked Man Primary EarthBound Series
14%
251 Medli Support The Legend of Zelda Series
14%
769 Metal Gear REX Primary Metal Gear Solid Series
14%
1414 Min Min (Fighter) Fighter ARMS
14%
1459 Mythra (Fighter) Fighter Xenoblade Chronicles Series
14%
969 Nia Primary Xenoblade Chronicles Series
14%
1323 Owl Support The Legend of Zelda Series
14%
314 Pak E. Derm Support Yoshi Series
14%
292 Parasite Queen Support Metroid Prime Series
14%
396 Pigma Dengar Support Star Fox Series
14%
454 Pinsir Primary Pokémon Series
14%
503 Piplup Support Pokémon Series
14%
1144 Prince of Sablé Primary Kaeru no Tame ni Kane wa Naru
14%
107 Princess Shroob Primary Mario & Luigi Series
14%
1458 Pyra (Fighter) Fighter Xenoblade Chronicles Series
14%
1297 Risky Boots Support Shantae Series
14%
200 Ruto Primary The Legend of Zelda Series
14%
70 Shadow Mario Primary Super Mario Series
14%
518 Shaymin (Sky Forme) Primary Pokémon Series
14%
440 Slowpoke Master Pokémon Series
14%
944 Soda Popinski Support Punch-Out!! Series
14%
155 Squitter Support Donkey Kong Series
14%
823 Stack-Up Support R.O.B. Series
14%
1182 Starly Primary The Legendary Starfy Series
14%
1140 Sukapon Primary Joy Mech Fight
14%
940 Super Macho Man Primary Punch-Out!! Series
14%
455 Tauros Primary Pokémon Series
14%
405 Tricky Primary Star Fox Series
14%
1435 Villager & Iron Golem Primary Minecraft Series
14%
975 Wild Gunman Primary Wild Gunman
14%
154 Winky Support Donkey Kong Series
14%
274 Young Samus Primary Metroid Series
14%
189 Young Zelda Primary The Legend of Zelda Series
14%
190 Zelda (Ocarina of Time) Primary The Legend of Zelda Series
14%
468 Ampharos Primary Pokémon Series
12%
1277 Arcade Bunny Support Nintendo Badge Arcade
12%
938 Bear Hugger Primary Punch-Out!! Series
12%
870 Beat Support Mega Man Series
12%
372 Bonkers Primary Kirby Series
12%
56 Boom Boom & Pom Pom Primary Super Mario Series
12%
774 Cardboard Box Support Metal Gear Solid Series
12%
59 Chargin' Chuck Primary Super Mario Series
12%
1000 Cody Primary Street Fighter Series
12%
351 Daroach Primary Kirby Series
12%
1384 Dimitri (Fire Emblem) Primary Fire Emblem Series
12%
146 Dixie Kong & Kiddy Kong Primary Donkey Kong Series
12%
1043 DJ Octavio Primary Splatoon Series
12%
110 Dreambert Primary Mario & Luigi Series
12%
444 Electrode Support Pokémon Series
12%
1498 E.M.M.I. Primary Metroid Series
12%
184 Fairy Bottle Support The Legend of Zelda Series
12%
991 Fei Long Support Street Fighter Series
12%
771 Gekko Support Metal Gear Solid Series
12%
269 Gravity Suit Support Metroid Series
12%
939 Great Tiger Primary Punch-Out!! Series
12%
330 Halberd Support Kirby Series
12%
212 Happy Mask Salesman Support The Legend of Zelda Series
12%
1419 Helix Support ARMS
12%
447 Hitmonlee Primary Pokémon Series
12%
193 Impa (Ocarina of Time) Primary The Legend of Zelda Series
12%
797 Infinite Primary Sonic The Hedgehog Series
12%
1392 Ingrid Support Fire Emblem Series
12%
1477 Jin Kazama Primary Tekken Series
12%
1305 Joker (Student) Fighter Persona Series
12%
392 Landmaster Support Star Fox Series
12%
395 Leon Powalski Primary Star Fox Series
12%
726 Magnus Primary Kid Icarus Series
12%
1491 Mario (Mario Golf: Super Rush) Primary Mario Golf: Super Rush
12%
93 Master Cycle Primary Mario Kart Series
12%
1420 Max Brass Support ARMS
12%
494 Metagross Primary Pokémon Series
12%
770 Metal Gear RAY Primary Metal Gear Solid Series
12%
424 Metapod Support Pokémon Series
12%
481 Miltank Support Pokémon Series
12%
127 Mini Mario & Hammers Primary Mario vs. Donkey Kong Series
12%
1371 Morpeko Support Pokémon Series
12%
46 Mouser Primary Super Mario Series
12%
1069 Mummy Primary Castlevania Series
12%
758 Naked Snake Primary Metal Gear Solid Series
12%
1291 Ninjara Support ARMS
12%
1426 Olivia Support Paper Mario Series
12%
271 Phazon Suit Support Metroid Prime Series
12%
44 Pidgit Support Super Mario Series
12%
482 Raikou, Entei, & Suicune Primary Pokémon Series
12%
312 Raphael the Raven Support Yoshi Series
12%
954 Reyn Primary Xenoblade Chronicles Series
12%
1012 Rodin Primary Bayonetta Series
12%
517 Shaymin (Land Forme) Primary Pokémon Series
12%
639 Sigurd Primary Fire Emblem Series
12%
1501 Sora (KINGDOM HEARTS II) Fighter KINGDOM HEARTS Series
12%
1503 Sora (KINGDOM HEARTS III) Fighter KINGDOM HEARTS Series
12%
1504 Sora (Timeless River) Fighter KINGDOM HEARTS Series
12%
568 Teddy Primary EarthBound Series
12%
1117 Tennis Player Support Tennis
12%
1510 Terra Primary KINGDOM HEARTS Series
12%
670 Tharja Primary Fire Emblem Series
12%
359 The Three Mage-Sisters Support Kirby Series
12%
554 Togedemaru Primary Pokémon Series
12%
473 Unown Support Pokémon Series
12%
1120 Urban Champion Fighter Support Urban Champion Series
12%
1129 Volleyball Player Support Volleyball
12%
941 Von Kaiser Primary Punch-Out!! Series
12%
730 Wario (Overalls) Fighter Wario Land Series
12%
326 Warp Star Support Kirby Series
12%
188 Wind Fish Support The Legend of Zelda Series
12%
223 Wolf Link & Midna Primary The Legend of Zelda Series
12%
682 Xander Primary Fire Emblem Series
12%
1141 Yakuman Player Support Yakuman
12%
522 Zoroark Primary Pokémon Series
12%
733 9-Volt & 18-Volt Support WarioWare Series
11%
848 Able Sisters Support Animal Crossing Series
11%
436 Abra Support Pokémon Series
11%
566 Ana Support EarthBound Series
11%
1311 Ann Takamaki Primary Persona Series
11%
363 Bronto Burt Support Kirby Series
11%
1121 Bubbles Support Clu Clu Land Series
11%
620 Caeda Primary Fire Emblem Series
11%
1041 Cap'n Cuttlefish Master Splatoon Series
11%
1015 Cereza Support Bayonetta Series
11%
338 ChuChu Support Kirby Series
11%
980 Chun-Li (Street Fighter Alpha) Primary Street Fighter Series
11%
343 Dark Matter Primary Kirby Series
11%
736 Dr. Crygor Primary WarioWare Series
11%
1149 Dr. Wright Support SimCity Series
11%
721 Eggplant Wizard Support Kid Icarus Series
11%
1220 Elite Beat Divas Support Elite Beat Agents Series
11%
647 Eliwood Primary Fire Emblem Series
11%
157 Ellie Support Donkey Kong Series
11%
196 Epona Support The Legend of Zelda Series
11%
490 Flygon Primary Pokémon Series
11%
570 Flying Man Primary EarthBound Series
11%
1098 Galleom Primary Super Smash Bros. Series
11%
220 Ganondorf (Twilight Princess) Primary The Legend of Zelda Series
11%
488 Gardevoir Support Pokémon Series
11%
404 General Pepper Support Star Fox Series
11%
335 Gooey Primary Kirby Series
11%
897 Gravity Man Master Mega Man Series
11%
391 Great Fox Support Star Fox Series
11%
1393 Hilda (Fire Emblem) Support Fire Emblem Series
11%
73 Honey Queen Master Super Mario Series
11%
58 Hothead Support Super Mario Series
11%
479 Houndoom Primary Pokémon Series
11%
72 Hungry Luma Support Super Mario Series
11%
524 Hydreigon Primary Pokémon Series
11%
1454 Impa (Age of Calamity) Primary The Legend of Zelda Series
11%
731 Jimmy T Primary WarioWare Series
11%
1341 Jinjos Primary Banjo-Kazooie Series
11%
735 Kat & Ana Master WarioWare Series
11%
340 Kracko Primary Kirby Series
11%
273 Light Suit Primary Metroid Prime Series
11%
231 Loftwing Support The Legend of Zelda Series
11%
348 Marx (True Form) Primary Kirby Series
11%
1104 Master Core Primary Super Smash Bros. Series
11%
1415 Master Mummy Primary ARMS
11%
62 Mechakoopa Support Super Mario Series
11%
957 Melia Primary Xenoblade Chronicles Series
11%
216 Nayru Support The Legend of Zelda Series
11%
1260 Nikki Support Swapnote Series
11%
291 Omega Ridley Primary Metroid Prime Series
11%
96 Paper Bowser (Paper Mario: Sticker Star) Primary Paper Mario Series
11%
112 Papercraft Mario Primary Mario & Luigi Series
11%
125 Petey Piranha (Super Mario Strikers) Primary Super Mario Strikers Series
11%
284 Phantoon Support Metroid Series
11%
593 Pico Primary F-Zero Series
11%
1437 Piglin Support Minecraft Series
11%
121 Poltergust 5000 Support Luigi's Mansion Series
11%
105 Prince Peasley Primary Mario & Luigi Series
11%
120 Professor Elvin Gadd Support Luigi's Mansion Series
11%
156 Rattly Support Donkey Kong Series
11%
649 Raven Primary Fire Emblem Series
11%
235 Ravio Support The Legend of Zelda Series
11%
1160 Ray Mk II Primary Custom Robo Series
11%
1389 Rhea Primary Fire Emblem Series
11%
678 Ryoma Master Fire Emblem Series
11%
1488 Sakuna Primary Sakuna: Of Rice and Ruin
11%
997 Sakura (Street Fighter) Primary Street Fighter Series
11%
1497 Samus (Metroid Dread) Primary Metroid Series
11%
99 Shadow Queen Primary Paper Mario Series
11%
67 Shine Sprite Support Super Mario Series
11%
87 Standard Bike Support Mario Kart Series
11%
139 Stanley Primary Donkey Kong Series
11%
327 Star Rod Support Kirby Series
11%
471 Sudowoodo Support Pokémon Series
11%
377 Tac Support Kirby Series
11%
680 Takumi Primary Fire Emblem Series
11%
80 The Odyssey Support Super Mario Series
11%
708 Three Sacred Treasures Primary Kid Icarus Series
11%
970 Tora Primary Xenoblade Chronicles Series
11%
294 Trace Primary Metroid Prime Series
11%
1231 T-Rex Primary Fossil Fighters Series
11%
949 TURN-TO-BLUE Support PAC-MAN Series
11%
203 Twinrova Primary The Legend of Zelda Series
11%
255 Vaati Primary The Legend of Zelda Series
11%
98 Vivian Primary Paper Mario Series
11%
474 Wobbuffet Support Pokémon Series
11%
238 Zelda (Breath of the Wild) Support The Legend of Zelda Series
11%
506 Abomasnow Primary Pokémon Series
9%
185 Agahnim Primary The Legend of Zelda Series
9%
638 Alm & Celica Primary Fire Emblem Series
9%
637 Alm & Celica (Young) Primary Fire Emblem Series
9%
402 Andross (True Form) Primary Star Fox Series
9%
1357 Andy Bogard Support FATAL FURY Series
9%
111 Antasma Support Mario & Luigi Series
9%
1467 Arthur Primary Ghosts 'n Goblins Series
9%
1376 ASTRAL CHAIN Hero (Female) Primary ASTRAL CHAIN
9%
1377 ASTRAL CHAIN Hero (Male) Primary ASTRAL CHAIN
9%
1366 Athena Asamiya Support Psycho Soldier
9%
91 Badwagon Primary Mario Kart Series
9%
82 Barrel Train Support Mario Kart Series
9%
65 Big Urchin Primary Super Mario Series
9%
315 Blargg Support Yoshi Series
9%
164 Blast-o-Matic Support Donkey Kong Series
9%
849 Blathers Support Animal Crossing Series
9%
109 Broque Monsieur Primary Mario & Luigi Series
9%
1445 Cait Sith Support FINAL FANTASY Series
9%
1072 Carmilla Support Castlevania Series
9%
1308 Caroline & Justine Support Persona Series
9%
1374 Chris Primary Resident Evil Series
9%
1444 Cid Primary FINAL FANTASY Series
9%
525 Cobalion, Terrakion, & Virizion Primary Pokémon Series
9%
886 Crash Man Support Mega Man Series
9%
446 Cubone Primary Pokémon Series
9%
272 Dark Suit Primary Metroid Prime Series
9%
541 Dedenne Support Pokémon Series
9%
230 Demise Primary The Legend of Zelda Series
9%
1478 Devil Jin Primary Tekken Series
9%
218 Dimitri (The Legend of Zelda) Support The Legend of Zelda Series
9%
1127 Diskun Support Disk System
9%
1391 Dorothea Support Fire Emblem Series
9%
1077 Dracula (2nd Form) Support Castlevania Series
9%
345 Dyna Blade Primary Kirby Series
9%
115 Eggplant Man Primary Wrecking Crew Series
9%
811 Empress Bulblax Primary Pikmin Series
9%
208 Fierce Deity Link Primary The Legend of Zelda Series
9%
581 Flint Primary EarthBound Series
9%
26 Flying Squirrel Toad Support Super Mario Series
9%
1314 Futaba Sakura Support Persona Series
9%
933 Giga Mac Primary Punch-Out!! Series
9%
513 Giratina (Origin Forme) Primary Pokémon Series
9%
1316 Goro Akechi Support Persona Series
9%
837 Gracie Support Animal Crossing Series
9%
201 Great Fairy Support The Legend of Zelda Series
9%
1213 Hanenbow Support Electroplankton Series
9%
1315 Haru Okumura Primary Persona Series
9%
648 Hector (Fire Emblem) Support Fire Emblem Series
9%
582 Hinawa Support EarthBound Series
9%
1132 Hockey Players Support Ice Hockey
9%
1363 Iori Yagami Primary THE KING OF FIGHTERS Series
9%
794 Jet the Hawk Support Sonic The Hedgehog Series
9%
1358 Joe Higashi Primary FATAL FURY Series
9%
643 Julius Primary Fire Emblem Series
9%
168 Kalypso Support Donkey Kong: Barrel Blast
9%
202 Koume & Kotake Primary The Legend of Zelda Series
9%
1336 Liquid Metal Slime Support DRAGON QUEST Series
9%
667 Lissa Support Fire Emblem Series
9%
1238 Looksley Support Looksley's Line Up
9%
694 Manhole Support Game & Watch Series
9%
451 Mega Kangaskhan Primary Pokémon Series
9%
911 MegaMan Volnutt Primary Mega Man Legends Series
9%
374 Meta-Knights Primary Kirby Series
9%
1172 Mia Primary Golden Sun Series
9%
491 Milotic Support Pokémon Series
9%
659 Mist Support Fire Emblem Series
9%
219 Moosh Support The Legend of Zelda Series
9%
171 Ninja Kong Primary Donkey Kong Jungle Beat
9%
702 Oil Panic Support Game & Watch Series
9%
1137 Olaf Primary Advance Wars Series
9%
1493 Peach (Mario Golf: Super Rush) Support Mario Golf: Super Rush
9%
69 Piantas Support Super Mario Series
9%
814 Plasm Wraith Primary Pikmin Series
9%
77 Plessie Support Super Mario Series
9%
1278 Qbby Support BOXBOY! Series
9%
281 Queen Metroid Primary Metroid Series
9%
439 Rapidash Primary Pokémon Series
9%
836 Redd Support Animal Crossing Series
9%
1460 Rex (Master Driver) Primary Xenoblade Chronicles Series
9%
217 Ricky Support The Legend of Zelda Series
9%
388 ROB 64 Support Star Fox Series
9%
329 Robobot Armor Support Kirby Series
9%
1164 Saki Amamiya Primary Sin & Punishment Series
9%
366 Scarfy Primary Kirby Series
9%
1390 Seteth Support Fire Emblem Series
9%
955 Sharla Support Xenoblade Chronicles Series
9%
489 Shedinja Support Pokémon Series
9%
478 Skarmory Primary Pokémon Series
9%
756 Solidus Snake Primary Metal Gear Solid Series
9%
1502 Sora (KINGDOM HEARTS 3D [Dream Drop Distance]) Fighter KINGDOM HEARTS Series
9%
658 Soren Support Fire Emblem Series
9%
86 Standard Kart Support Mario Kart Series
9%
917 Star Force Mega Man Primary Mega Man Star Force Series
9%
453 Staryu Primary Pokémon Series
9%
358 Susie Support Kirby Series
9%
1490 Tama Support Sakuna: Of Rice and Ruin
9%
181 Tektite Primary The Legend of Zelda Series
9%
716 Thanatos Primary Kid Icarus Series
9%
993 T. Hawk Primary Street Fighter Series
9%
1342 The Mighty Jinjonator Primary Banjo-Kazooie Series
9%
165 Tiki Tak Tribe Primary Donkey Kong Series
9%
1254 Toy Poodle Support Nintendogs Series
9%
687 Tsubasa Oribe Primary Tokyo Mirage Sessions ♯FE
9%
84 Turbo Yoshi Support Mario Kart Series
9%
508 Uxie, Mesprit, & Azelf Primary Pokémon Series
9%
1447 Vincent Primary FINAL FANTASY Series
9%
623 Wrys Support Fire Emblem Series
9%
285 X Parasite Primary Metroid Series
9%
322 Yarn Poochy Primary Yoshi Series
9%
1446 Yuffie Support FINAL FANTASY Series
9%
237 Yuga Primary The Legend of Zelda Series
9%
247 Zelda (The Wind Waker) Primary The Legend of Zelda Series
9%
288 Adam Malkovich Primary Metroid Series
8%
401 Andross (Star Fox 64 3D) Primary Star Fox Series
8%
1508 Axel Primary KINGDOM HEARTS Series
8%
676 Azura Support Fire Emblem Series
8%
85 B Dasher Support Mario Kart Series
8%
253 Beedle Master The Legend of Zelda Series
8%
1245 Beetle Support Excitebots: Trick Racing
8%
90 Biddybuggy Primary Mario Kart Series
8%
624 Bord & Cord & Barst Primary Fire Emblem Series
8%
311 Burt the Bashful Primary Yoshi Series
8%
850 Celeste Support Animal Crossing Series
8%
523 Chandelure Support Pokémon Series
8%
1142 Commander Support X
8%
1035 Crusty Sean Support Splatoon Series
8%
352 Dark Daroach Primary Kirby Series
8%
183 Darknut Primary The Legend of Zelda Series
8%
862 Digby Primary Animal Crossing Series
8%
1385 Dimitri - Five Years Later (Fire Emblem) Primary Fire Emblem Series
8%
872 Duo Primary Mega Man Series
8%
1099 Duon Primary Super Smash Bros. Series
8%
653 Eirika Primary Fire Emblem Series
8%
685 Elise Support Fire Emblem Series
8%
961 Elma Primary Xenoblade Chronicles Series
8%
256 Ezlo Support The Legend of Zelda Series
8%
1255 French Bulldog Support Nintendogs Series
8%
1471 Fury Bowser Primary Super Mario Series
8%
270 Fusion Suit Primary Metroid Series
8%
784 Gamma Primary Sonic The Hedgehog Series
8%
1302 Golden Dash Mushroom Support Super Mario Series
8%
751 Gray Fox Primary Metal Gear Solid Series
8%
1335 Great Sabrecat Primary DRAGON QUEST Series
8%
1046 Great Zapfish Support Splatoon Series
8%
889 Hard Man Support Mega Man Series
8%
236 Hilda (The Legend of Zelda) Primary The Legend of Zelda Series
8%
679 Hinoka Primary Fire Emblem Series
8%
1001 Ibuki Support Street Fighter Series
8%
1452 Ifrit Primary FINAL FANTASY Series
8%
194 Kaepora Gaebora Support The Legend of Zelda Series
8%
1192 Karate Joe Primary Rhythm Heaven Series
8%
1378 Kyle Support ASTRAL CHAIN
8%
356 Landia Primary Kirby Series
8%
644 Lilina Primary Fire Emblem Series
8%
257 Linebeck Master The Legend of Zelda Series
8%
234 Link (A Link Between Worlds) Primary The Legend of Zelda Series
8%
696 Lion Primary Game & Watch Series
8%
1016 Loki Support Bayonetta Series
8%
668 Lon'qu Support Fire Emblem Series
8%
863 Lottie Primary Animal Crossing Series
8%
1313 Makoto Niijima Support Persona Series
8%
353 Masked Dedede Primary Kirby Series
8%
580 Master Belch Primary EarthBound Series
8%
1068 Medusa Head Support Castlevania Series
8%
711 Medusa (Kid Icarus: Uprising) Primary Kid Icarus Series
8%
505 Mega Lucario Primary Pokémon Series
8%
755 Mei Ling Support Metal Gear Solid Series
8%
883 Metal Man Primary Mega Man Series
8%
728 Mimicutie Support Kid Icarus Series
8%
972 Mòrag Primary Xenoblade Chronicles Series
8%
64 Nabbit Support Super Mario Series
8%
1048 Octoling Octopus Support Splatoon Series
8%
737 Orbulon Support WarioWare Series
8%
1306 Phantom Thieves of Hearts Support Persona Series
8%
1088 Plane Support Pilotwings Series
8%
553 Pyukumuku Support Pokémon Series
8%
1367 Ralf & Clark Primary Ikari Warriors Series
8%
1161 Ray Mk III Primary Custom Robo Series
8%
204 ReDead Primary The Legend of Zelda Series
8%
1443 Red XIII Primary FINAL FANTASY Series
8%
958 Riki (Xenoblade Chronicles) Master Xenoblade Chronicles Series
8%
368 Rocky Support Kirby Series
8%
835 Rover Support Animal Crossing Series
8%
869 Rush Support Mega Man Series
8%
586 Salsa Primary EarthBound Series
8%
1079 Sebastian Tute Support Wii Music
8%
1032 Sheldon Master Splatoon Series
8%
902 Slash Man Primary Mega Man Series
8%
480 Smeargle Primary Pokémon Series
8%
302 Stork Support Yoshi Series
8%
313 Super Happy Tree Support Yoshi Series
8%
1118 Tamagon Primary Devil World
8%
229 The Imprisoned Primary The Legend of Zelda Series
8%
1346 Tockles Support DRAGON QUEST Series
8%
890 Top Man Support Mega Man Series
8%
262 Totem Link Primary The Legend of Zelda Series
8%
1052 Trevor C. Belmont Primary Castlevania Series
8%
688 Tsubasa Oribe (Carnage Form) Primary Tokyo Mirage Sessions ♯FE
8%
1352 T-Tetrimino Support Tetris Series
8%
712 Twinbellows Support Kid Icarus Series
8%
1122 Unira Support Clu Clu Land Series
8%
1511 Ventus Primary KINGDOM HEARTS Series
8%
369 Wheelie Support Kirby Series
8%
1509 Xion Support KINGDOM HEARTS Series
8%
1045 Zapfish Support Splatoon Series
8%
973 Zeke Primary Xenoblade Chronicles Series
8%
259 Zelda (Spirit Tracks) Primary The Legend of Zelda Series
8%
160 Zinger Primary Donkey Kong Series
8%
544 Zygarde (50% Forme) Primary Pokémon Series
8%
545 Zygarde (Complete Forme) Primary Pokémon Series
8%
742 5-Volt (Angry) Primary WarioWare Series
6%
225 Agitha Support The Legend of Zelda Series
6%
715 Amazon Pandora Primary Kid Icarus Series
6%
1114 Ancient Minister Primary Super Smash Bros. Series
6%
250 Aryll Support The Legend of Zelda Series
6%
909 Axl Support Mega Man X Series
6%
1211 Barbara the Bat Primary Jam with the Band Series
6%
83 Bloom Coach Support Mario Kart Series
6%
879 Bomb Man Support Mega Man Series
6%
852 Brewster Support Animal Crossing Series
6%
782 Chaotix Primary Sonic The Hedgehog Series
6%
1450 Chocobo & Moogle Primary FINAL FANTASY Series
6%
1408 C.J. Support Animal Crossing Series
6%
669 Cordelia Primary Fire Emblem Series
6%
186 Cucco Support The Legend of Zelda Series
6%
1410 Daisy Mae Support Animal Crossing Series
6%
350 Dark Mind Support Kirby Series
6%
831 DJ K.K. Primary Animal Crossing Series
6%
316 Don Bongo Primary Yoshi Series
6%
734 Dribble & Spitz Support WarioWare Series
6%
578 Dungeon Man Support EarthBound Series
6%
654 Ephraim Primary Fire Emblem Series
6%
1281 Esna Support Ever Oasis
6%
1162 Flare Primary Custom Robo Series
6%
1409 Flick Primary Animal Crossing Series
6%
672 Gangrel Primary Fire Emblem Series
6%
275 Geemer Primary Metroid Series
6%
1156 Girl from Hajimari no Mori Support Hajimari no Mori
6%
81 Goo-Goo Buggy Primary Mario Kart Series
6%
280 Gunship Support Metroid Series
6%
346 Heavy Lobster Primary Kirby Series
6%
787 Hero Chao Primary Sonic The Hedgehog Series
6%
1328 Hero's Comrades Support DRAGON QUEST Series
6%
549 Hoopa (Unbound) Primary Pokémon Series
6%
540 Inkay Support Pokémon Series
6%
1022 Inspired Primary Bayonetta Series
6%
1351 I-Tetrimino Primary Tetris Series
6%
677 Jakob Support Fire Emblem Series
6%
97 Kammy Koopa Primary Paper Mario Series
6%
1481 King & Armor King Primary Tekken Series
6%
1479 Kuma & Panda Support Tekken Series
6%
1362 Kyo Kusanagi Primary THE KING OF FIGHTERS Series
6%
1482 Ling Xiaoyu Primary Tekken Series
6%
166 Lord Fredrik Primary Donkey Kong Series
6%
656 Lyon Primary Fire Emblem Series
6%
89 Mach 8 Support Mario Kart Series
6%
1009 Madama Butterfly Support Bayonetta Series
6%
1176 Magical Vacation Protagonists Primary Magical Vacation Series
6%
1464 Malos Primary Xenoblade Chronicles Series
6%
1102 Master Beast Primary Super Smash Bros. Series
6%
1416 Mechanica Support ARMS
6%
547 Mega Diancie Primary Pokémon Series
6%
918 Mega Man Zero Primary Mega Man Zero Series
6%
536 Meloetta (Aria Forme) Support Pokémon Series
6%
1109 Mite Support Super Smash Bros. Series
6%
959 Mumkhar Primary Xenoblade Chronicles Series
6%
336 Nago Primary Kirby Series
6%
1365 Nakoruru Support SAMURAI SHODOWN Series
6%
995 Nash Support Street Fighter Series
6%
341 Nightmare's Power Orb Primary Kirby Series
6%
342 Nightmare Wizard Primary Kirby Series
6%
652 Nino Support Fire Emblem Series
6%
1321 Peachette Primary Super Mario Series
6%
337 Pitch Support Kirby Series
6%
364 Poppy Bros. Jr. Primary Kirby Series
6%
1145 Prince Richard Primary Kaeru no Tame ni Kane wa Naru
6%
746 Princess Shokora Support Wario Land Series
6%
915 ProtoMan.EXE Primary Mega Man Battle Network Series
6%
722 Pseudo-Palutena Support Kid Icarus Series
6%
885 Quick Man Support Mega Man Series
6%
1301 River Survival Support Super Mario Series
6%
1361 Ryo Sakazaki Primary Art of Fighting Series
6%
681 Sakura (Fire Emblem) Support Fire Emblem Series
6%
893 Shadow Man Support Mega Man Series
6%
748 Shake King Primary Wario Land Series
6%
1451 Shiva Support FINAL FANTASY Series
6%
910 Sigma Primary Mega Man X Series
6%
1094 Smash Ball Support Super Smash Bros. Series
6%
816 Smoky Progg Support Pikmin Series
6%
1388 Sothis Support Fire Emblem Series
6%
76 Sprixie Princesses Support Super Mario Series
6%
631 Tiki (Naga's Voice) Primary Fire Emblem Series
6%
657 Titania Primary Fire Emblem Series
6%
829 Tom Nook (Nookington's) Primary Animal Crossing Series
6%
913 Tron Bonne Primary Mega Man Legends Series
6%
328 Ultra Sword Support Kirby Series
6%
393 Walker Support Star Fox Series
6%
738 Wario-Man Primary WarioWare Series
6%
901 Wind Man Support Mega Man Series
6%
399 Wolfen Support Star Fox Series
6%
882 Yellow Devil Primary Mega Man Series
6%
1312 Yusuke Kitagawa Primary Persona Series
6%
282 Zebesian Primary Metroid Series
6%
539 Aegislash Support Pokémon Series
5%
1021 Affinity Primary Bayonetta Series
5%
260 Alfonzo & Engineer Link Support The Legend of Zelda Series
5%
397 Andrew Oikonny Primary Star Fox Series
5%
367 Angry Scarfy Primary Kirby Series
5%
403 Aparoid Support Star Fox Series
5%
663 Ashnard Support Fire Emblem Series
5%
1486 Asuka Kazama Support Tekken Series
5%
597 Baba Support F-Zero Series
5%
300 Baby Mario (Superstar Mario) Primary Yoshi Series
5%
1449 Bahamut ZERO Support FINAL FANTASY Series
5%
306 Bandit Support Yoshi Series
5%
633 Camus Primary Fire Emblem Series
5%
88 Cheep Charger Primary Mario Kart Series
5%
1210 Chibi-Tot Primary Chibi-Robo! Series
5%
92 City Tripper Support Mario Kart Series
5%
1286 Clip & Snip Support Snipperclips - Cut it out, together! Series
5%
747 Count Cannoli Primary Wario Land Series
5%
1187 Cupid Support Sennen Kazoku
5%
860 Cyrus & Reese Support Animal Crossing Series
5%
1081 Dark Emperor Primary StreetPass Mii Plaza Series
5%
406 Dash Bowman Primary Star Fox Series
5%
640 Deirdre Support Fire Emblem Series
5%
502 Deoxys (Normal Forme) Primary Pokémon Series
5%
290 Diggernaut Support Metroid Series
5%
169 Donkey Kong & Bongos Support Donkey Kong Jungle Beat
5%
1332 Dracky Support DRAGON QUEST Series
5%
1405 Dragaux Primary Ring Fit Adventure
5%
331 Dragoon Support Kirby Series
5%
592 Dr. Stewart Master F-Zero Series
5%
1273 Eddy Support Fluidity: Spin Cycle
5%
661 Elincia Primary Fire Emblem Series
5%
381 Elline Support Kirby Series
5%
1173 Felix Primary Golden Sun Series
5%
701 Fire Attack Primary Game & Watch Series
5%
254 Fishman Support The Legend of Zelda Series
5%
691 Flagman Support Game & Watch Series
5%
295 Gandrayda Support Metroid Prime Series
5%
636 Gharnef Support Fire Emblem Series
5%
512 Giratina (Altered Forme) Primary Pokémon Series
5%
1364 Haohmaru Primary SAMURAI SHODOWN Series
5%
1171 Ivan Support Golden Sun Series
5%
1485 Jack-7 Primary Tekken Series
5%
602 Jack Levin Primary F-Zero Series
5%
1174 Jenna Support Golden Sun Series
5%
1059 Juste Belmont Primary Castlevania Series
5%
213 Kafei Support The Legend of Zelda Series
5%
293 Kanden Support Metroid Prime Series
5%
651 Karel Support Fire Emblem Series
5%
999 Karin Primary Street Fighter Series
5%
535 Keldeo (Resolute Form) Primary Pokémon Series
5%
857 Kicks Support Animal Crossing Series
5%
226 King Bulblin & Lord Bullbo Primary The Legend of Zelda Series
5%
1427 King Olly Primary Paper Mario Series
5%
1331 King Slime Primary DRAGON QUEST Series
5%
900 Knight Man Primary Mega Man Series
5%
1223 Kyle Hyde Primary Hotel Dusk: Room 215
5%
530 Landorus (Therian Forme) Primary Pokémon Series
5%
655 L'Arachel Support Fire Emblem Series
5%
844 Lloid Primary Animal Crossing Series
5%
567 Lloyd Primary EarthBound Series
5%
646 Lyn (Blade Lord) Primary Fire Emblem Series
5%
1470 Magnamalo Primary MONSTER HUNTER Series
5%
1053 Maria Renard Primary Castlevania Series
5%
1054 Maria Renard (Symphony of the Night) Primary Castlevania Series
5%
1103 Master Edges Primary Super Smash Bros. Series
5%
1101 Master Giant Primary Super Smash Bros. Series
5%
1455 Master Kohga Primary The Legend of Zelda Series
5%
1175 Matthew Primary Golden Sun Series
5%
319 Mega Eggdozer Support Yoshi Series
5%
1185 Mermaid Support The Legendary Starfy Series
5%
626 Merric Support Fire Emblem Series
5%
772 Metal Gear ZEKE Primary Metal Gear Solid Series
5%
666 Micaiah Primary Fire Emblem Series
5%
627 Minerva Primary Fire Emblem Series
5%
1183 Moe Primary The Legendary Starfy Series
5%
349 Moley Support Kirby Series
5%
279 Mother Brain (2nd Form) Primary Metroid Series
5%
947 Mother Fairy Support PAC-MAN Series
5%
599 Mr. EAD Support F-Zero Series
5%
373 Mr. Frosty Support Kirby Series
5%
898 Napalm Man Primary Mega Man Series
5%
625 Navarre Support Fire Emblem Series
5%
1480 Nina Williams Support Tekken Series
5%
1355 O-Tetrimino Primary Tetris Series
5%
674 Owain Primary Fire Emblem Series
5%
1469 Palamute Primary MONSTER HUNTER Series
5%
1080 Party Phil Support Wii Party Series
5%
629 Pegasus Sisters Primary Fire Emblem Series
5%
158 Professor Chops Support Donkey Kong Series
5%
357 Queen Sectonia Primary Kirby Series
5%
1198 Reporter & Wrestler Primary Rhythm Heaven Series
5%
762 Revolver Ocelot (Metal Gear Solid 3) Primary Metal Gear Solid Series
5%
1013 Rodin, the Infinite One Primary Bayonetta Series
5%
310 Roger the Potted Ghost Support Yoshi Series
5%
1276 Rusty Slugger Support Rusty's Real Deal Baseball
5%
1310 Ryuji Sakamoto Primary Persona Series
5%
1259 Sakura Samurai Primary Sakura Samurai: Art of the Sword
5%
641 Seliph Primary Fire Emblem Series
5%
1066 Shanoa Primary Castlevania Series
5%
634 Sirius Primary Fire Emblem Series
5%
896 Skull Man Primary Mega Man Series
5%
1076 Soma Cruz Primary Castlevania Series
5%
1466 Sophia Primary Persona Series
5%
660 Sothe Support Fire Emblem Series
5%
892 Spark Man Support Mega Man Series
5%
318 Spirit Who Loves Surprises Support Yoshi Series
5%
1207 Super Chibi-Robo Primary Chibi-Robo! Series
5%
1070 The Creature & Flea Man Support Castlevania Series
5%
1448 The Turks & Rufus Shinra Support FINAL FANTASY Series
5%
1180 Tomatrio Support Tomato Adventure
5%
845 Tortimer Support Animal Crossing Series
5%
587 Ultimate Chimera Support EarthBound Series
5%
252 Valoo Support The Legend of Zelda Series
5%
673 Walhart Support Fire Emblem Series
5%
233 Wall-Merged Link Primary The Legend of Zelda Series
5%
1372 Wesker Primary Resident Evil Series
5%
472 Wooper Support Pokémon Series
5%
1484 Yoshimitsu Primary Tekken Series
5%
740 Young Cricket Support WarioWare Series
5%
1002 Yun & Yang Primary Street Fighter Series
5%
1241 Yuri Kozukata Support Fatal Frame Series
5%
908 Zero (Z-Saber) Primary Mega Man X Series
5%
1249 Zip Support FlingSmash
5%
1202 Alexandra Roivas Primary Eternal Darkness: Sanity's Requiem
3%
871 Auto Support Mega Man Series
3%
1138 Ayumi Tachibana Support Famicom Tantei Club Series
3%
1017 Balder Primary Bayonetta Series
3%
371 Bugzzy Support Kirby Series
3%
1345 Buzzbomb Support Banjo-Kazooie Series
3%
261 Byrne Primary The Legend of Zelda Series
3%
1417 Byte & Barq Primary ARMS
3%
28 Cat Princess Peach Primary Super Mario Series
3%
1329 Cetacea Support DRAGON QUEST Series
3%
699 Chef (Game & Watch) Support Game & Watch Series
3%
1235 Chef (Personal Trainer: Cooking) Support Personal Trainer: Cooking Series
3%
1499 Chozo Soldier Support Metroid Series
3%
304 Crazee Dayzee Primary Yoshi Series
3%
1011 Cutie J Primary Bayonetta Series
3%
1453 Diminutive Guardian Support The Legend of Zelda Series
3%
895 Dive Man Support Mega Man Series
3%
622 Draug Primary Fire Emblem Series
3%
1216 Dr. Lobe Support Big Brain Academy Series
3%
1136 Eagle Primary Advance Wars Series
3%
761 EVA Support Metal Gear Solid Series
3%
887 Flash Man Support Mega Man Series
3%
1037 Flow Support Splatoon Series
3%
965 Formula Support Xenoblade Chronicles Series
3%
1143 Frog & Snake Primary Kaeru no Tame ni Kane wa Naru
3%
904 Galaxy Man Support Mega Man Series
3%
1170 Garet Primary Golden Sun Series
3%
686 Garon Support Fire Emblem Series
3%
1472 Giga Cat Mario Primary Super Mario Series
3%
1008 Gomorrah Primary Bayonetta Series
3%
1334 Great Sabrecub Primary DRAGON QUEST Series
3%
309 Grim Leecher Support Yoshi Series
3%
344 Gryll Primary Kirby Series
3%
838 Gulliver Primary Animal Crossing Series
3%
718 Hades (Final Form) Primary Kid Icarus Series
3%
1155 Hakkun Support Sutte Hakkun
3%
752 Hal Emmerich Support Metal Gear Solid Series
3%
1157 Harry Primary Teleroboxer
3%
1166 Helirin Support Kuru Kuru Kururin Series
3%
317 Hongo Support Yoshi Series
3%
548 Hoopa (Confined) Primary Pokémon Series
3%
818 Iridescent Glint Beetle Support Pikmin Series
3%
1169 Isaac (Dark Dawn) Primary Golden Sun Series
3%
842 Joan Support Animal Crossing Series
3%
1062 Julius Belmont Support Castlevania Series
3%
1475 Kazuya Mishima (Coat) Fighter Tekken Series
3%
1418 Kid Cobra Primary ARMS
3%
1359 Kim Kaphwan Support FATAL FURY Series
3%
1061 Leon Belmont Primary Castlevania Series
3%
628 Linde Support Fire Emblem Series
3%
289 Little Birdie Support Metroid Series
3%
308 Little Mouser Support Yoshi Series
3%
1461 Lora Support Xenoblade Chronicles Series
3%
1354 L-Tetrimino & J-Tetrimino Support Tetris Series
3%
263 Madame Couture Support The Legend of Zelda Series
3%
128 MC Ballyhoo & Big Top Support Mario Party Series
3%
754 Meryl Silverburgh Primary Metal Gear Solid Series
3%
919 Model X Primary Mega Man ZX Series
3%
920 Model ZX Primary Mega Man ZX Series
3%
1089 Monita Support Nintendo Land
3%
375 Mr. Shine & Mr. Bright Primary Kirby Series
3%
1146 Muddy Mole Support Mole Mania
3%
1040 Murch Support Splatoon Series
3%
1232 Nibbles Primary Fossil Fighters Series
3%
650 Ninian Support Fire Emblem Series
3%
598 Octoman Primary F-Zero Series
3%
1246 Orville Primary Takt of Magic
3%
1407 Orville & Wilbur Support Animal Crossing Series
3%
1217 Ouendan Support Osu! Tatakae! Ouendan Series
3%
1218 Ouendan Cheerleaders Support Osu! Tatakae! Ouendan Series
3%
1468 Palico Support MONSTER HUNTER Series
3%
840 Phyllis & Pelly Support Animal Crossing Series
3%
376 Plasma Wisp Support Kirby Series
3%
1465 Pneuma Support Xenoblade Chronicles Series
3%
214 Postman Support The Legend of Zelda Series
3%
743 Pyoro Support WarioWare Series
3%
720 Reaper & Reapette Support Kid Icarus Series
3%
1056 Reinhardt Schneider Primary Castlevania Series
3%
763 Revolver Ocelot (Metal Gear Solid V) Primary Metal Gear Solid Series
3%
1404 Ring Fit Trainees Primary Ring Fit Adventure
3%
912 Roll Caskett Support Mega Man Legends Series
3%
1263 Russ Support Dillon's Dead-Heat Breakers
3%
675 Severa Primary Fire Emblem Series
3%
1085 Shinobu Primary StreetPass Mii Plaza Series
3%
307 Slugger & Green Glove Support Yoshi Series
3%
796 Sonic the Werehog Support Sonic The Hedgehog Series
3%
1036 Spyke Primary Splatoon Series
3%
1353 S-Tetrimino & Z-Tetrimino Primary Tetris Series
3%
1049 Super Sea Snail Support Splatoon Series
3%
903 Sword Man Support Mega Man Series
3%
305 Tap-Tap Primary Yoshi Series
3%
1193 The Wandering Samurai Primary Rhythm Heaven Series
3%
527 Thundurus (Incarnate Forme) Support Pokémon Series
3%
303 Toadies Support Yoshi Series
3%
526 Tornadus (Incarnate Forme) Support Pokémon Series
3%
320 Ukiki Support Yoshi Series
3%
118 Wanda Support Super Mario Series
3%
1230 Welt Primary Soma Bringer
3%
1189 Yama Support SimTower SP
3%
819 Yellow Wollywog Support Pikmin Series
3%
664 Zelgius Primary Fire Emblem Series
3%
1227 Aisya Primary ASH: Archaic Sealed Heat
2%
1271 Allen Primary Culdcept Series
2%
1024 Alraune Support Bayonetta Series
2%
1462 Amalthus Support Xenoblade Chronicles Series
2%
1033 Annie Support Splatoon Series
2%
1212 Ashley Robbins Support Trace Memory Series
2%
1199 Baxter & Forthington Support Rhythm Heaven Series
2%
1257 BlueShark Support Steel Diver Series
2%
1110 Bytans Primary Super Smash Bros. Series
2%
707 Centurion Support Kid Icarus Series
2%
1065 Charlotte Aulin Primary Castlevania Series
2%
1084 Coraline Support StreetPass Mii Plaza Series
2%
1269 Culdra Support Culdcept Series
2%
899 Dark Man 4 Support Mega Man Series
2%
709 Daybreak Support Kid Icarus Series
2%
926 Deep Breathing Support Wii Fit Series
2%
1154 Dion, Max, & Jack Primary Marvelous: Mouhitotsu no Takarajima
2%
1130 Donbe & Hikari Primary Famicom Mukashibanashi Series
2%
894 Drill Man Support Mega Man Series
2%
1215 Dr. Kawashima (Concentration Training) Primary Brain Age: Train Your Brain in Minutes a Day! Series
2%
855 Dr. Shrunk Support Animal Crossing Series
2%
727 Dyntos Master Kid Icarus Series
2%
1457 Elvis & Adelle Support Bravely Default Series
2%
1018 Father Balder Primary Bayonetta Series
2%
1107 Fighting Alloy Team Support Super Smash Bros. Series
2%
1023 Fortitudo Primary Bayonetta Series
2%
856 Frillard Support Animal Crossing Series
2%
744 Fronks Support WarioWare Series
2%
1151 F-Type Support Stunt Race FX
2%
1496 FU (Jess-Baptiste VI) Support No More Heroes Series
2%
1233 Glory of Heracles Hero Primary Glory of Heracles Series
2%
1270 Goligan Support Culdcept Series
2%
394 Gyrowing Support Star Fox Series
2%
851 Harriet Support Animal Crossing Series
2%
1063 Hector (Castlevania) Support Castlevania Series
2%
695 Helmet Support Game & Watch Series
2%
713 Hewdraw Primary Kid Icarus Series
2%
1229 Idea Support Soma Bringer
2%
1275 Inuji Darumeshi Support Darumeshi Sports Store
2%
1082 Iris Archwell Primary StreetPass Mii Plaza Series
2%
621 Jagen Primary Fire Emblem Series
2%
1038 Jelfonzo Support Splatoon Series
2%
1034 Jelonzo Support Splatoon Series
2%
847 Kapp'n (Wild World) Support Animal Crossing Series
2%
843 Katrina Support Animal Crossing Series
2%
534 Keldeo (Ordinary Form) Primary Pokémon Series
2%
1473 Kittens Support Super Mario Series
2%
1348 Kloster (Grief) Support DAEMON X MACHINA
2%
1394 Kunio Primary River City Series
2%
963 Lao Primary Xenoblade Chronicles Series
2%
1014 Luka Support Bayonetta Series
2%
853 Lyle Support Animal Crossing Series
2%
1226 Magkid Support Slide Adventure MAGKID
2%
1147 Maruhige Shop Owner Support Trade & Battle: Card Hero Series
2%
875 Mettaur Primary Mega Man Series
2%
596 Mighty Gazelle Primary F-Zero Series
2%
821 Mockiwi Primary Pikmin Series
2%
1178 Mokka Primary Magical Vacation Series
2%
1403 Natah Primary Warframe
2%
1057 Nathan Graves Primary Castlevania Series
2%
1087 Nico Fire Support StreetPass Mii Plaza Series
2%
632 Nyna Support Fire Emblem Series
2%
1047 Octoling Girl & Octoling Boy Primary Splatoon Series
2%
1184 Old Man Lobber Support The Legendary Starfy Series
2%
697 Parachute Support Game & Watch Series
2%
1483 Paul Phoenix & Marshall Law Primary Tekken Series
2%
767 Paz Ortega Andrade Support Metal Gear Solid Series
2%
820 Peckish Aristocrab Primary Pikmin Series
2%
706 Pit (Original) Primary Kid Icarus Series
2%
1319 Professor Riggs & Plaise & Lerna Support Nintendo Labo Series
2%
1020 Prophet Primary Bayonetta Series
2%
662 Queen Elincia Primary Fire Emblem Series
2%
1244 Raymond Bryce Primary Disaster: Day of Crisis
2%
1487 Razewing Ratha Primary MONSTER HUNTER Series
2%
1395 Riki (River City) Primary River City Series
2%
753 Roy Campbell Support Metal Gear Solid Series
2%
1158 Ryota Hayami Support Wave Race Series
2%
859 Serena Support Animal Crossing Series
2%
1074 Shaft Support Castlevania Series
2%
1236 Shop Assistant Support Style Savvy Series
2%
768 Strangelove Support Metal Gear Solid Series
2%
1113 Subspace Bomb Support Super Smash Bros. Series
2%
817 Swooping Snitchbug Support Pikmin Series
2%
1134 Tank & Infantry Support Famicom Wars Series
2%
1208 Telly Support Chibi-Robo! Series
2%
1152 Tractor Trailer Support Stunt Race FX
2%
1194 Wandering Samurai (Rhythm Heaven Fever) Primary Rhythm Heaven Series
2%
603 Zoda Primary F-Zero Series
2%
1252 Aeron Primary Pandora's Tower
0%
1159 Akari Hayami Support 1080° Series
0%
1167 Alessandro Inzaghi Support Napoleon
0%
1421 Alfyn & Therion Support OCTOPATH TRAVELER
0%
1248 Ando Kensaku Support And-Kensaku
0%
931 Arm & Leg Lift Support Wii Fit Series
0%
1163 Bayonette Support Custom Robo Series
0%
600 Bio Rex Primary F-Zero Series
0%
1039 Bisk Support Splatoon Series
0%
1349 Bullet Walker (Brigadier General) Primary DAEMON X MACHINA
0%
1251 Calista Primary The Last Story
0%
841 Copper & Booker Master Animal Crossing Series
0%
1086 Crispin Support StreetPass Mii Plaza Series
0%
929 Dancer Support Wii Fit Series
0%
1179 DeMille Primary Tomato Adventure
0%
1131 Donbe & Hikari (Shin Onigashima Kouhen) Primary Famicom Mukashibanashi Series
0%
1209 Drake Redcrest Primary Chibi-Robo! Series
0%
1411 Duran & Angela Support Mana Series
0%
1253 Elena Support Pandora's Tower
0%
815 Fiery Blowhog Primary Pikmin Series
0%
1247 Frey & Freya Primary Zangeki no Reginleiv
0%
1495 Full-Armor Travis (Full Green Mode) Primary No More Heroes Series
0%
906 Full Armor X Primary Mega Man X Series
0%
1067 Gabriel Belmont Primary Castlevania Series
0%
976 Gangster, Lady, & Policeman Support Hogan's Alley
0%
916 Geo Stelar & Omega-Xis Primary Mega Man Star Force Series
0%
1396 Goda Support River City Series
0%
1139 Goku & Chao Primary Famicom Mukashibanashi Series
0%
1083 Gold Bone Primary StreetPass Mii Plaza Series
0%
1423 H'aanit & Ophilia Support OCTOPATH TRAVELER
0%
1413 Hawkeye & Riesz Support Mana Series
0%
1279 Henry Fleming Support Code Name: S.T.E.A.M.
0%
1350 High Line (Guns Empress) Support DAEMON X MACHINA
0%
1225 Hsien Support Sujin Taisen: Number Battles Series
0%
1058 Hugh Baldwin Primary Castlevania Series
0%
1165 Isa Jo Support Sin & Punishment Series
0%
925 Jackknife Support Wii Fit Series
0%
1190 Jill & the Drill Dozer Support Drill Dozer
0%
1064 Jonathan Morris Primary Castlevania Series
0%
1274 Kageshina Kurabe Primary Nintendoji
0%
854 Kaitlin & Katie Support Animal Crossing Series
0%
766 Kazuhira Miller Support Metal Gear Solid Series
0%
1412 Kevin & Charlotte Support Mana Series
0%
1489 Kokorowa Support Sakuna: Of Rice and Ruin
0%
1224 Kurikin Primary Kurikin Nano Island Story
0%
532 Kyurem (Black Kyurem) Primary Pokémon Series
0%
533 Kyurem (White Kyurem) Primary Pokémon Series
0%
1379 Lappy Support ASTRAL CHAIN
0%
1188 Li'l Blue Support Nonono Puzzle Chalien
0%
1402 Lotus Primary Warframe
0%
725 Lurchthorn Primary Kid Icarus Series
0%
1203 Mappo Primary Giftpia
0%
1019 Masked Lumen Primary Bayonetta Series
0%
1186 Mattel Support The Legendary Starfy Series
0%
1205 Milly Primary Baten Kaitos Series
0%
1240 Mio & Mayu Amakura Support Fatal Frame Series
0%
1197 Munchy Monk Primary Rhythm Heaven Series
0%
1282 Musashi Primary Sushi Striker: The Way of Sushido
0%
1261 Noise Support Kiki Trick
0%
1228 Num Diddly Support Make 10: A Journey of Numbers
0%
1044 Octobot King Primary Splatoon Series
0%
1424 Olberic & Primrose Support OCTOPATH TRAVELER
0%
1425 Peach (Paper Mario: The Origami King) Support Paper Mario Series
0%
1116 Pitcher & Batter Support Baseball
0%
1191 Pocket Football Player Support Calciobit Series
0%
971 Poppi α Support Xenoblade Chronicles Series
0%
1239 Prince Saruno Support Tsukutte Utau: Saru Band
0%
1177 Putty Support Magical Vacation Series
0%
1347 Radiant Gleam Primary DAEMON X MACHINA
0%
579 Ramblin' Evil Mushroom Support EarthBound Series
0%
757 Rosemary Support Metal Gear Solid Series
0%
1111 Roturret Primary Super Smash Bros. Series
0%
1397 Ryuichi & Ryuji Primary River City Series
0%
1204 Sagi Primary Baten Kaitos Series
0%
773 Sahelanthropus Primary Metal Gear Solid Series
0%
1148 Satoru Primary Trade & Battle: Card Hero Series
0%
1221 Satoru Amatsubo Support Project Hacker: Kakusei
0%
1456 Seth & Gloria Primary Bravely Default Series
0%
1112 Shadow Bug Support Super Smash Bros. Series
0%
1195 Sick Beats Doctor Support Rhythm Heaven Series
0%
719 Specknose Primary Kid Icarus Series
0%
1150 ST Falcon Primary Battle Clash
0%
1200 Sumo Brothers Primary Rhythm Heaven Series
0%
927 Sun Salutation Support Wii Fit Series
0%
964 Tatsu Support Xenoblade Chronicles Series
0%
1272 Tempo Primary HarmoKnight
0%
1280 Tethu Primary Ever Oasis
0%
1318 Toy-Con Car Support Nintendo Labo Series
0%
1317 Toy-Con Robot Primary Nintendo Labo Series
0%
1320 Toy-Con VR Goggles Support Nintendo Labo Series
0%
1422 Tressa & Cyrus Primary OCTOPATH TRAVELER
0%
700 Turtle Bridge Support Game & Watch Series
0%
930 Warrior Support Wii Fit Series
0%
1222 Warrior Mech Gauss Primary Chōsōjū Mecha MG
0%
1060 Yoko Belnades Support Castlevania Series
0%
1250 Zael Primary The Last Story
0%
764 Zero (Metal Gear Solid 3) Support Metal Gear Solid Series
0%
907 Zero (Zero Buster) Primary Mega Man X Series
0%
858 Zipper T. Bunny Primary Animal Crossing Series
0%
No matching quizzes found
Score Distribution
Percent of People with Each Score
Percentile by Number Answered
Your Score History
You have not taken this quiz